| 000 | 01423nam a2200385Ia 4500 | ||
|---|---|---|---|
| 001 | ebr10218133 | ||
| 003 | CaPaEBR | ||
| 006 | m u | ||
| 007 | cr cn||||||||| | ||
| 008 | 050729s2006 enka sb 001 0 eng d | ||
| 010 | _z 2005931543 | ||
| 020 | _z1412907063 (hbk.) | ||
| 020 | _z1412907071 (pbk.) | ||
| 020 | _z9781412907064 | ||
| 020 | _z9781412907071 | ||
| 020 | _z9781847878052 | ||
| 040 |
_aCaPaEBR _cCaPaEBR |
||
| 035 | _a(OCoLC)297415446 | ||
| 050 | 1 | 4 |
_aHV9960.G7 _bS63 2006eb |
| 082 | 0 | 4 |
_a364 _222 |
| 100 | 1 | _aSmartt, Ursula. | |
| 245 | 1 | 0 |
_aCriminal justice _h[electronic resource] / _cUrsula Smartt. |
| 260 |
_aLondon ; _aThousand Oaks, CA : _bSAGE, _c2006. |
||
| 300 |
_avi, 226 p. : _bill. |
||
| 490 | 1 | _aSAGE course companions | |
| 504 | _aIncludes bibliographical references and index. | ||
| 504 | _aIncludes web resources. | ||
| 533 |
_aElectronic reproduction. _bPalo Alto, Calif. : _cebrary, _d2009. _nAvailable via World Wide Web. _nAccess may be limited to ebrary affiliated libraries. |
||
| 650 | 0 |
_aCriminal justice, Administration of _xStudy and teaching. |
|
| 650 | 0 |
_aCriminal justice, Administration of _zGreat Britain. |
|
| 655 | 7 |
_aElectronic books. _2local |
|
| 710 | 2 | _aebrary, Inc. | |
| 830 | 0 | _aSAGE course companions. | |
| 856 | 4 | 0 |
_uhttp://site.ebrary.com/lib/rucke/Doc?id=10218133 _zAn electronic book accessible through the World Wide Web; click to view |
| 999 |
_c232034 _d232034 |
||